All the presidential republics of the world - Statistics

General Stats
  • This quiz has been taken 93 times
  • The average score is 32 of 61
Answer Stats
Answer % Correct
United States
98%
Argentina
80%
Brazil
80%
Colombia
80%
Chile
78%
Ecuador
78%
Peru
78%
Venezuela
78%
Panama
75%
Honduras
73%
Mexico
73%
Nicaragua
73%
Uruguay
73%
El Salvador
70%
Paraguay
70%
Costa Rica
68%
Guatemala
68%
Bolivia
65%
Burundi
58%
Dominican Republic
58%
Angola
55%
Nigeria
55%
Kenya
53%
Benin
50%
Ghana
50%
Senegal
50%
Togo
50%
Turkmenistan
50%
Zimbabwe
50%
Guinea
48%
Indonesia
48%
Rwanda
48%
Tajikistan
48%
Tanzania
48%
Uganda
48%
Zambia
48%
Gambia
45%
Kazakhstan
45%
Kyrgyzstan
45%
Liberia
45%
Uzbekistan
45%
Equatorial Guinea
43%
Ivory Coast
43%
Malawi
43%
Philippines
43%
South Korea
43%
South Sudan
43%
Turkey
43%
Central African Republic
40%
Sierra Leone
40%
Belarus
38%
Cyprus
35%
Gabon
35%
Tunisia
35%
Cameroon
33%
Djibouti
28%
Eritrea
28%
Comoros
23%
Seychelles
23%
Palau
18%
Maldives
15%
No matching quizzes found
Score Distribution
Percent of People with Each Score
Percentile by Number Answered
Your Score History
You have not taken this quiz